| 000 | 00624nam a2200217Ia 4500 | ||
|---|---|---|---|
| 005 | 20250508165854.0 | ||
| 008 | 008 250505s9999 xx 000 0 eng d | ||
| 020 | _a978-98-84767-74-7 | ||
| 037 | _aTextBook | ||
| 040 |
_aFEDL _beng _cFEDL |
||
| 041 |
_aeng _2eng |
||
| 084 |
_a300.7, MIL/R _qFEDL |
||
| 100 |
_aMilan Arvind Kumar _9543813 |
||
| 245 | 0 | _aTeaching social science in the age of globalization | |
| 260 |
_aPatna, India _bJanaki Prakashan _c2017 |
||
| 300 | _avi, 224p. | ||
| 365 |
_aINR _b850 |
||
| 546 | _aGifted by the author | ||
| 942 |
_cTB _h300.7, MIL/R |
||
| 999 |
_c1397909 _d1397909 |
||